000 00247nam a2200097Ia 4500
001 1229004
005 20250827093053.0
008 250824s9999 xx 000 0 und d
245 0 _aTUNADAN UÇAN KUŞ
_cGÜLTEN DAYIOĞLU
260 _bALTIN KİTAPLAR
999 _c1229004
_d1229004